<?xml version="1.0" encoding="UTF-8"?>
<collection xmlns="http://www.loc.gov/MARC21/slim">
 <record>
  <leader>01058nam a2200289 a 4500</leader>
  <controlfield tag="001">7552</controlfield>
  <controlfield tag="003">BD-DhAAL</controlfield>
  <controlfield tag="005">20150629104144.0</controlfield>
  <controlfield tag="008">150629s2005    bg       b    001 0 eng  </controlfield>
  <datafield tag="010" ind1=" " ind2=" ">
   <subfield code="a">  2005386611</subfield>
  </datafield>
  <datafield tag="020" ind1=" " ind2=" ">
   <subfield code="z">9840801934</subfield>
  </datafield>
  <datafield tag="040" ind1=" " ind2=" ">
   <subfield code="a">CStRLIN</subfield>
   <subfield code="b">eng</subfield>
   <subfield code="d">ANL</subfield>
   <subfield code="d">BD-DhAAL</subfield>
  </datafield>
  <datafield tag="042" ind1=" " ind2=" ">
   <subfield code="a">lcode</subfield>
  </datafield>
  <datafield tag="043" ind1=" " ind2=" ">
   <subfield code="a">a-bg---</subfield>
  </datafield>
  <datafield tag="082" ind1="0" ind2="4">
   <subfield code="a">324.95492</subfield>
   <subfield code="2">22</subfield>
  </datafield>
  <datafield tag="100" ind1="1" ind2=" ">
   <subfield code="a">Mannan, Md. Abdul.</subfield>
   <subfield code="9">12612</subfield>
  </datafield>
  <datafield tag="245" ind1="1" ind2="0">
   <subfield code="a">Elections and democracy in Bangladesh /</subfield>
   <subfield code="c">Md. Abdul Mannan.</subfield>
  </datafield>
  <datafield tag="260" ind1=" " ind2=" ">
   <subfield code="a">Dhaka :</subfield>
   <subfield code="b">Academic Press and Publishers Library,</subfield>
   <subfield code="c">2005.</subfield>
  </datafield>
  <datafield tag="300" ind1=" " ind2=" ">
   <subfield code="a">xii, 194 p. ;</subfield>
   <subfield code="c">22 cm.</subfield>
  </datafield>
  <datafield tag="504" ind1=" " ind2=" ">
   <subfield code="a">Includes bibliographical references (p. [186]-192) and index.</subfield>
  </datafield>
  <datafield tag="541" ind1=" " ind2=" ">
   <subfield code="e">7552</subfield>
  </datafield>
  <datafield tag="650" ind1=" " ind2="0">
   <subfield code="a">Elections</subfield>
   <subfield code="z">Bangladesh</subfield>
   <subfield code="x">History.</subfield>
   <subfield code="9">12613</subfield>
  </datafield>
  <datafield tag="650" ind1=" " ind2="0">
   <subfield code="a">Democracy</subfield>
   <subfield code="z">Bangladesh</subfield>
   <subfield code="x">History.</subfield>
   <subfield code="9">12614</subfield>
  </datafield>
  <datafield tag="651" ind1=" " ind2="0">
   <subfield code="a">Bangladesh</subfield>
   <subfield code="x">Politics and government</subfield>
   <subfield code="y">20th century</subfield>
   <subfield code="9">12615</subfield>
  </datafield>
  <datafield tag="942" ind1=" " ind2=" ">
   <subfield code="2">ddc</subfield>
   <subfield code="c">BK</subfield>
  </datafield>
  <datafield tag="999" ind1=" " ind2=" ">
   <subfield code="c">34879</subfield>
   <subfield code="d">34879</subfield>
  </datafield>
  <datafield tag="952" ind1=" " ind2=" ">
   <subfield code="0">0</subfield>
   <subfield code="1">0</subfield>
   <subfield code="2">ddc</subfield>
   <subfield code="4">0</subfield>
   <subfield code="6">324_954920000000000_MAN</subfield>
   <subfield code="7">0</subfield>
   <subfield code="9">54594</subfield>
   <subfield code="a">SCL</subfield>
   <subfield code="b">SCL</subfield>
   <subfield code="c">GEN</subfield>
   <subfield code="d">2015-06-29</subfield>
   <subfield code="g">225.00</subfield>
   <subfield code="l">2</subfield>
   <subfield code="m">4</subfield>
   <subfield code="o">324.95492 MAN</subfield>
   <subfield code="p">3020007552</subfield>
   <subfield code="r">2023-12-09</subfield>
   <subfield code="s">2023-12-03</subfield>
   <subfield code="t">1</subfield>
   <subfield code="w">2015-06-29</subfield>
   <subfield code="y">BK</subfield>
  </datafield>
 </record>
</collection>
